Mecánica de materiales

Bibliographic Details
Main Author: Beer, Ferdinand P.
Format: Section = Libro
Language:Undetermined
Spanish
Published: México McGraw-Hill 2004
Edition:3a.ed.
Subjects:
LEADER 00652nam a2200241Ia 4500
008 240829s9999 xx 000 0 und d
020 |a 970-10-3950-5 
040 |a BIBLIOTECA-RUPAP 620.1123 B415 
041 |a spa 
082 |a 620.1123 B415 
100 1 |a Beer, Ferdinand P. 
245 1 0 |a Mecánica de materiales 
250 |a 3a.ed. 
260 |a México  |b McGraw-Hill  |c 2004 
300 |a 790 p. :il. 
650 7 |a MECANICA DE MATERIALES 
650 7 |b  TORSION 
650 7 |c  DEFORMACIONES MECANICAS 
650 7 |d  DEFLEXION DE VIGAS 
650 7 |e  COLUMNAS. I. Johnston, Russell, coaut. II. Tít. 
942 |c BK  |2 ddc 
991 |a TEXTO 
999 |c 8897